000 00924cab a2200265 4500
001 WB3340-38
008 090401t1997 xxu||||| |||| 00| 0 eng d
035 _a(Sirsi) u81499
041 _aeng
245 _aReporting Britain
260 _c1997
350 _a0
490 _aFinancial Times
_vSupplement 16 October 1997, 11 (LOAN)
520 _aSurvey on developments in Britain`s regions. Covers the north east, Edinburgh, property in West London, Battersea power station, the changing profile of the region`s quoted companies and a statistical breakdown of Britain`s economy.
650 _aBATTERSEA POWER STATION
650 _aDEVOLUTION
650 _aEDINBURGH
650 _aINWARD INVESTMENT
650 _aNORTH EAST
650 _aPROPERTY-COMMERCIAL PROPERTY-OFFICE PROPERTY-OFFICE PROPERTY MARKET
650 _aURBAN REGENERATION
690 _aSPECIAL REPORTS
942 _n0
948 _c16/10/1997
999 _c51345
_d51345